How? : (Record no. 543527)
[ view plain ]
| 000 -LEADER | |
|---|---|
| fixed length control field | 01089pam a2200277 a 4500 |
| 020 ## - INTERNATIONAL STANDARD BOOK NUMBER | |
| International Standard Book Number | 083064024X (hard) : |
| 020 ## - INTERNATIONAL STANDARD BOOK NUMBER | |
| International Standard Book Number | 0830640258 (paper) : |
| 082 00 - DEWEY DECIMAL CLASSIFICATION NUMBER | |
| Classification number | 507.8 |
| Author Mark | PRO |
| -- | L-NUST-01, P-47 |
| 100 1# - MAIN ENTRY--PERSONAL NAME | |
| Personal name | Prochnow, Dave. |
| 9 (RLIN) | 38913 |
| 245 10 - TITLE STATEMENT | |
| Title | How? : |
| Remainder of title | more experiments for the young scientist / |
| Statement of responsibility, etc. | Dave and Kathy Prochnow. |
| 250 ## - EDITION STATEMENT | |
| Edition statement | 1st ed. |
| 260 ## - PUBLICATION, DISTRIBUTION, ETC. | |
| Place of publication, distribution, etc. | Blue Ridge Summit, PA : |
| Name of publisher, distributor, etc. | TAB Books, |
| Date of publication, distribution, etc. | 1993. |
| 300 ## - PHYSICAL DESCRIPTION | |
| Extent | vii, 152 p. : |
| Other physical details | ill. ; |
| Dimensions | 25 cm. |
| 500 ## - GENERAL NOTE | |
| General note | Includes index. |
| 520 ## - SUMMARY, ETC. | |
| Summary, etc. | Presents forty-three experiments in such areas as structural engineering, astronomy, chemistry, and meteorology. |
| 526 ## - STUDY PROGRAM INFORMATION NOTE | |
| Program name | 0 |
| Interest level | 0 |
| Reading level | 0 |
| Title point value | 507_800000000000000_PRO |
| 650 #0 - SUBJECT ADDED ENTRY--TOPICAL TERM | |
| Topical term or geographic name entry element | Engineering |
| General subdivision | Experiments |
| -- | Juvenile literature. |
| 9 (RLIN) | 38914 |
| 650 #0 - SUBJECT ADDED ENTRY--TOPICAL TERM | |
| Topical term or geographic name entry element | Engineering |
| General subdivision | Miscellanea |
| -- | Juvenile literature. |
| 9 (RLIN) | 38915 |
| 650 #0 - SUBJECT ADDED ENTRY--TOPICAL TERM | |
| Topical term or geographic name entry element | NUST |
| 9 (RLIN) | 6342 |
| 650 #0 - SUBJECT ADDED ENTRY--TOPICAL TERM | |
| Topical term or geographic name entry element | Science |
| General subdivision | Experiments |
| -- | Juvenile literature. |
| 9 (RLIN) | 38916 |
| 650 #0 - SUBJECT ADDED ENTRY--TOPICAL TERM | |
| Topical term or geographic name entry element | Science |
| General subdivision | Miscellanea |
| -- | Juvenile literature. |
| 9 (RLIN) | 38917 |
| 650 #1 - SUBJECT ADDED ENTRY--TOPICAL TERM | |
| Topical term or geographic name entry element | Experiments. |
| 9 (RLIN) | 38918 |
| 650 #1 - SUBJECT ADDED ENTRY--TOPICAL TERM | |
| Topical term or geographic name entry element | Science |
| General subdivision | Experiments. |
| 9 (RLIN) | 38919 |
| 700 1# - ADDED ENTRY--PERSONAL NAME | |
| Personal name | Prochnow, Kathy. |
| 9 (RLIN) | 38920 |
| 942 ## - ADDED ENTRY ELEMENTS (KOHA) | |
| Source of classification or shelving scheme | |
| Koha item type | Book |
| Withdrawn status | Lost status | Source of classification or shelving scheme | Damaged status | Not for loan | Permanent Location | Current Location | Date acquired | Total Checkouts | Full call number | Barcode | Date last seen | Price effective from | Koha item type |
|---|---|---|---|---|---|---|---|---|---|---|---|---|---|
| Military College of Engineering (MCE) | Military College of Engineering (MCE) | 03/26/2014 | 507.8 PRO | MCE-44643 | 03/26/2014 | 03/26/2014 | Book |
